Stargazer : the life, world and films of Andy Warhol /

সংরক্ষণ করুন:
গ্রন্থ-পঞ্জীর বিবরন
প্রধান লেখক: Koch, Stephen (লেখক)
বিন্যাস: গ্রন্থ
ভাষা:ইংরেজি
প্রকাশিত: New York : Marion Boyards, 1991
সংস্করন:3. ed
ট্যাগগুলো: ট্যাগ যুক্ত করুন
কোনো ট্যাগ নেই, প্রথমজন হিসাবে ট্যাগ করুন!

MARC

LEADER 00000nam a22000007i 4500
001 IT\ICCU\UBO\3118890
003 ItRI
005 20260115231820.0
008 070226s1991 xxu|||||| ||||| |||||c
020 |a 0714529206 
040 |b ita  |c importazione bologna sebina 
041 7 |a eng  |2 ISO-639-2 
100 1 |a Koch, Stephen  |0 IT\ICCU\TO0V\169344  |4 aut 
245 1 0 |a Stargazer :  |b the life, world and films of Andy Warhol /  |c Stephen Koch. 
250 |a 3. ed 
260 |a New York :  |b Marion Boyards,  |c 1991 
300 |a XVII, 153 p. :  |b ill. ;  |c 24 cm. 
942 |2 ddc  |c BK  |n 0 
952 |0 0  |1 0  |4 0  |6 DOC_791_430000000000000_KOC  |7 0  |9 13383  |a BO  |b BO  |d 2026-01-15  |i 2956  |l 0  |o DOC 791.430 KOC  |p BO2956  |r 2026-01-15 23:18:20  |w 2026-01-15  |x [Sebina 5] [1 v.]  |y BK  |z 1 v. 
999 |c 11497  |d 11497